Los problemas del crecimiento urbano y su tratamiento actual en Gran Bretaña / (Record no. 143069)

MARC details
000 -LEADER
campo de control de longitud fija 00674nam a2200181 4500
001 - NÚMERO DE CONTROL
campo de control 143069
003 - IDENTIFICADOR DE NÚMERO DE CONTROL
campo de control ES-MaACL
005 - FECHA Y HORA DE LA ÚLTIMA TRANSACCIÓN
campo de control 20230906200719.0
007 - CAMPO FIJO DE DESCRIPCIÓN FÍSICA--INFORMACIÓN GENERAL
campo de control de longitud fija t|
008 - DATOS DE LONGITUD FIJA--INFORMACIÓN GENERAL
campo de control de longitud fija 070214s1958 sp r ||||1| spa d
100 1# - ENTRADA PRINCIPAL--NOMBRE DE PERSONA
Nombre de persona Self, Peter.
9 (RLIN) 105300
245 14 - MENCIÓN DEL TÍTULO
Título Los problemas del crecimiento urbano y su tratamiento actual en Gran Bretaña /
Mención de responsabilidad, etc. Peter Self ; traducción y prólogo de Manuel Pérez Olea.
260 ## - PUBLICACIÓN, DISTRIBUCIÓN, ETC.
Lugar de publicación, distribución, etc. Madrid :
Nombre del editor, distribuidor, etc. Instituto de Estudios Políticos,
Fecha de publicación, distribución, etc. 1958 (
Fabricante González)
300 ## - DESCRIPCIÓN FÍSICA
Extensión 285 p., 16 lám. :
Otras características físicas il. ;
Dimensiones 21 cm.
700 1# - ENTRADA AGREGADA--NOMBRE PERSONAL
Nombre de persona Pérez Olea, Manuel.
9 (RLIN) 91056
710 2# - ENTRADA AGREGADA--NOMBRE DE ENTIDAD CORPORATIVA
Nombre de entidad corporativa o nombre de jurisdicción como elemento de entrada Instituto de Estudios Políticos (Madrid)
9 (RLIN) 4924
852 ## - LOCALIZACIÓN
Ubicación ES-MaACL
Número de control de estantería C-16986
Sublocalización o colección R.45125
Holdings
Estatus retirado Estado de pérdida Estado de daño No para préstamo Biblioteca de origen Biblioteca actual Ubicación en estantería Fecha de adquisición Fuente de adquisición Total de préstamos Signatura topográfica completa Código de barras Visto por última vez Precio de reemplazo Tipo de ítem Koha
        Biblioteca del Ateneo de Madrid Biblioteca del Ateneo de Madrid Galería 17/01/2008     C-16986 1148854 23/02/2023 23/02/2023 Libro impreso